| 000 | 00782cam a2200217 a 4500 | ||
|---|---|---|---|
| 001 | 000002750 | ||
| 005 | 20200929150242.0 | ||
| 008 | 750707s1969 sp a b 000 p spa d | ||
| 040 |
_aDO-SdBNP _bspa _cBNPHU |
||
| 082 |
_a861.62 _bU54p |
||
| 100 | 1 |
_aUnamuno, Miguel de, _d1864-1936 _96254 |
|
| 245 | 1 | 0 |
_aPoemas de los pueblos de España / _cMiguel de Unamuno ; prólogo, selección y notas de Manuel García Blanco. |
| 260 |
_aMadrid : _bAnaya, _c1969. |
||
| 300 |
_a174 p. : _bil. ; _c17 cm. |
||
| 490 | 1 |
_aBiblioteca Anaya. Autores Españoles _v11 |
|
| 504 | _aBibliografía: (p. 25-27). | ||
| 650 | 4 |
_aPoesía española _9631 |
|
| 650 | 4 |
_aLiteratura española _9632 |
|
| 700 | 1 |
_aGarcía Blanco, Manuel, _epról. _98663 |
|
| 830 | 0 |
_aBiblioteca Anaya. Autores Españoles; _v11 _94941 |
|
| 999 |
_c2584 _d2584 |
||